University Home | Library Home | Institutional Repository

The Book of Canadian poetry : (Record no. 159008)

MARC details
000 -LEADER
fixed length control field 00868cam8a220022900 4500
001 - CONTROL NUMBER
control field qce00443330
005 - DATE AND TIME OF LATEST TRANSACTION
control field 20190826090349.0
008 - FIXED-LENGTH DATA ELEMENTS--GENERAL INFORMATION
fixed length control field 720728s1957 onc eng u
010 ## - LIBRARY OF CONGRESS CONTROL NUMBER
LC control number 59020696
035 ## - SYSTEM CONTROL NUMBER
System control number (Sirsi) r16557
035 ## - SYSTEM CONTROL NUMBER
System control number (QCAT)lss00260646
035 ## - SYSTEM CONTROL NUMBER
System control number (UPRA)qce00443330
040 ## - CATALOGING SOURCE
Modifying agency UPRA
245 04 - TITLE STATEMENT
Title The Book of Canadian poetry :
Remainder of title A critical and historical anthology. Edited with an introduction and notes by A.J.M. Smith.
250 ## - EDITION STATEMENT
Edition statement 3rd ed., rev. and enl.
260 ## - PUBLICATION, DISTRIBUTION, ETC.
Place of publication, distribution, etc. Toronto :
Name of publisher, distributor, etc. W.J. Gage,
Date of publication, distribution, etc. [c1957]
504 ## - BIBLIOGRAPHY, ETC. NOTE
Bibliography, etc. note Bibliography: p. 505-521.
650 #0 - SUBJECT ADDED ENTRY--TOPICAL TERM
Topical term or geographic name entry element Canadian poetry.
Linkage S6929.1
700 1# - ADDED ENTRY--PERSONAL NAME
Personal name Smith, A. J. M. (Arthur James Marshall), 1902-
Fuller form of name Smith, A. J. M. (Arthur James Marshall), 1902-
Dates associated with a name Smith, A. J. M. (Arthur James Marshall), 1902-
Linkage A63031.1
949 ## - LOCAL PROCESSING INFORMATION (OCLC)
a PR9195.25
w lcc
i -11557
m MAIN
t BOOK
l ON-SHELF

No items available.

© 2026 - The University of Zambia Library - Koha v25.11